[Event "Orsha op"]
[Site "Orsha"]
[Date "2019.01.24"]
[Round "9"]
[White "Petrosyan, Sahak"]
[Black "Paniagua Chnelik, Sebastian"]
[Result "0-1"]
[WhiteElo "1835"]
[BlackElo "2188"]
[PlyCount "98"]
[EventDate "2019.01.18"]
[EventType "swiss"]
[EventRounds "9"]
[EventCountry "BLR"]
[SourceTitle "CBM 188 Extra"]
[Source "ChessBase"]
[SourceDate "2019.02.26"]
[SourceVersion "1"]
[SourceVersionDate "2019.02.26"]
[SourceQuality "1"]

1. e4 c5 2. Nf3 d6 3. c3 Nf6 4. Bd3 Nc6 5. Bc2 g6 6. 0-0 Bg7 7. Re1 0-0 8. h3 b6 9. d4 cxd4 10. cxd4 Nb4 11. Bb3 Ba6 12. e5 dxe5 13. Nxe5 Bb7 14. Nc3 Nfd5 15. a3 Nxc3 16. bxc3 Nd5 17. Qf3 Rb8 18. Qg3 Rc8 19. Bb2 Nf6 20. Qd3 Nd7 21. Nxd7 Qxd7 22. Qe3 e6 23. Rec1 Rfd8 24. a4 Bc6 25. Qe2 Qb7 26. f4 Qc7 27. Qe3 Bh6 28. g3 Bb7 29. c4 Bg7 30. Rc2 Re8 31. Kh2 h5 32. Rg1 Rcd8 33. Qf2 Qd6 34. Rd2 Qb4 35. Qe3 Ba6 36. Qd3 Rc8 37. Rc1 Red8 38. Rdc2 Qd6 39. Rd1 h4 40. Qe3 hxg3+ 41. Kxg3 Bf6 42. d5 Bxb2 43. Rxb2 Bxc4 44. Bxc4 Rxc4 45. Rbd2 exd5 46. Rxd5 Qxd5 47. Rxd5 Rxd5 48. Qf3 Rcd4 49. h4 Rd3 0-1

[Event "Orsha op"]
[Site "Orsha"]
[Date "2019.01.22"]
[Round "7"]
[White "Bury, Gleb Maximovich"]
[Black "Petrosyan, Sahak"]
[Result "1-0"]
[WhiteElo "1961"]
[BlackElo "1835"]
[PlyCount "117"]
[EventDate "2019.01.18"]
[EventType "swiss"]
[EventRounds "9"]
[EventCountry "BLR"]
[SourceTitle "CBM 188 Extra"]
[Source "ChessBase"]
[SourceDate "2019.02.26"]
[SourceVersion "1"]
[SourceVersionDate "2019.02.26"]
[SourceQuality "1"]

1. e4 e5 2. Nf3 Nc6 3. Bb5 d6 4. c3 f5 5. d4 fxe4 6. Ng5 d5 7. dxe5 Be7 8. h4 Bxg5 9. Bxg5 Nge7 10. Qh5+ g6 11. Qe2 0-0 12. Bf6 Qd7 13. Nd2 Qe6 14. f4 Qg4 15. Qf2 Nf5 16. Nf1 e3 17. Nxe3 Nxe3 18. Qxe3 Bd7 19. Be2 Qxg2 20. Qf3 Qxf3 21. Bxf3 Be6 22. 0-0-0 Rxf6 23. exf6 Rd8 24. h5 Rd6 25. hxg6 hxg6 26. Rh6 Kf7 27. Rh7+ Kxf6 28. Rxc7 Kf5 29. Rxb7 Kxf4 30. Rf1 Ke3 31. Bd1 d4 32. Rh7 dxc3 33. Rf3+ Ke4 34. Rh4+ Ke5 35. bxc3 Bxa2 36. Bc2 Bd5 37. Rg3 Bf7 38. Rh7 Rf6 39. Rh1 Kd6 40. Rd1+ Kc7 41. Rg5 Rf3 42. Rc5 Rf4 43. Rg5 Rf3 44. Kb2 Rf2 45. Rdg1 Ne7 46. R1g2 Rf6 47. Be4 Re6 48. Bd3 Rd6 49. R2g3 Rc6 50. Re5 Kd6 51. Ra5 Nd5 52. Bxg6 Be6 53. Rxa7 Nb6 54. Bd3 Rc5 55. Ra6 Kc7 56. Rg7+ Kc6 57. Rg6 Re5 58. Bc4 Kc5 59. Bxe6 1-0

[Event "Orsha op"]
[Site "Orsha"]
[Date "2019.01.20"]
[Round "5"]
[White "Petrosyan, Sahak"]
[Black "Gabdrakipov, Kirill"]
[Result "1-0"]
[WhiteElo "1835"]
[BlackElo "1901"]
[PlyCount "77"]
[EventDate "2019.01.18"]
[EventType "swiss"]
[EventRounds "9"]
[EventCountry "BLR"]
[SourceTitle "CBM 188 Extra"]
[Source "ChessBase"]
[SourceDate "2019.02.26"]
[SourceVersion "1"]
[SourceVersionDate "2019.02.26"]
[SourceQuality "1"]

1. e4 e5 2. Nf3 Nc6 3. Bb5 a6 4. Ba4 Nf6 5. d3 b5 6. Bb3 d6 7. Ng5 d5 8. exd5 Nd4 9. c4 Bf5 10. Nc3 Bb4 11. 0-0 Bxc3 12. bxc3 Nxb3 13. axb3 0-0 14. Re1 Re8 15. Ba3 bxc4 16. dxc4 h6 17. Nf3 Bg4 18. h3 Bh5 19. g4 e4 20. gxh5 exf3 21. Qxf3 Rb8 22. Bc5 Rxb3 23. Bd4 Nh7 24. Kh1 Ng5 25. Qg3 f6 26. Rg1 Qe7 27. h4 Ne4 28. Qf4 Qd7 29. Qf3 c6 30. Rg4 cxd5 31. Rag1 Re7 32. Bxf6 Nxf6 33. Qxf6 dxc4 34. R1g2 Rf7 35. Qe5 Rb5 36. Qe4 Qc7 37. Rg6 Re5 38. Qa8+ Kh7 39. Rxh6+ 1-0

[Event "Orsha op"]
[Site "Orsha"]
[Date "2019.01.18"]
[Round "1"]
[White "Shkalov, Oleg"]
[Black "Petrosyan, Sahak"]
[Result "1-0"]
[WhiteElo "2225"]
[BlackElo "1835"]
[PlyCount "59"]
[EventDate "2019.01.18"]
[EventType "swiss"]
[EventRounds "9"]
[EventCountry "BLR"]
[SourceTitle "CBM 188 Extra"]
[Source "ChessBase"]
[SourceDate "2019.02.26"]
[SourceVersion "1"]
[SourceVersionDate "2019.02.26"]
[SourceQuality "1"]

1. d4 d5 2. Bf4 e6 3. Nf3 Bd6 4. Bg3 c5 5. e3 Nc6 6. c3 Nf6 7. Bd3 0-0 8. Nbd2 Re8 9. Ne5 Bxe5 10. dxe5 Nd7 11. f4 c4 12. Bc2 Qb6 13. 0-0 Qxe3+ 14. Kh1 f5 15. exf6 Nxf6 16. Bh4 Rf8 17. Bf2 Qxf4 18. Bc5 Qh6 19. Bxf8 Kxf8 20. Nf3 Kg8 21. Qe1 b5 22. Qg3 Bd7 23. Rae1 Re8 24. Qd6 Qh5 25. Ne5 Nxe5 26. Rxe5 Qh6 27. h3 Bc8 28. Qc7 Nd7 29. Qc6 g5 30. Bf5 1-0

[Event "Yerevan op 2nd"]
[Site "Yerevan"]
[Date "2017.09.23"]
[Round "5"]
[White "Mashalov, Aliniyaz"]
[Black "Petrosyan, Sahak"]
[Result "1-0"]
[WhiteElo "1636"]
[BlackElo "1824"]
[PlyCount "67"]
[EventDate "2017.09.19"]
[EventType "swiss"]
[EventRounds "9"]
[EventCountry "ARM"]
[SourceTitle "CBM 180 Extra"]
[Source "ChessBase"]
[SourceDate "2017.10.06"]
[SourceVersion "1"]
[SourceVersionDate "2017.10.06"]
[SourceQuality "1"]

1. d4 d5 2. c4 e6 3. Nc3 Nf6 4. cxd5 exd5 5. Bg5 Be7 6. e3 c6 7. Bd3 0-0 8. Qc2 Nbd7 9. Nf3 Re8 10. 0-0 Nf8 11. Rab1 Ng6 12. b4 Ne4 13. Bxe4 Bxg5 14. Bf5 Bf6 15. b5 c5 16. Bxc8 Rxc8 17. Qb3 cxd4 18. Nxd4 Bxd4 19. exd4 Nf4 20. Rfe1 Rxe1+ 21. Rxe1 Qg5 22. g3 Nh3+ 23. Kg2 Nf4+ 24. Kg1 h6 25. h4 Qg4 26. Nxd5 Ne2+ 27. Kg2 Nxd4 28. Qd3 Rd8 29. Re4 Qf3+ 30. Qxf3 Nxf3 31. Ne7+ Kf8 32. Kxf3 g6 33. a4 Rd7 34. Nc8 1-0

[Event "EU-ch U12 25th"]
[Site "Porec"]
[Date "2015.09.29"]
[Round "8"]
[White "Petrosyan, Sahak"]
[Black "Avalyan, Artur"]
[Result "1/2-1/2"]
[WhiteElo "1704"]
[BlackElo "1914"]
[PlyCount "46"]
[EventDate "2015.09.21"]
[EventType "swiss"]
[EventRounds "9"]
[EventCountry "CRO"]
[SourceTitle "EXT 2016"]
[Source "ChessBase"]
[SourceDate "2015.10.08"]
[SourceVersion "1"]
[SourceVersionDate "2015.10.08"]
[SourceQuality "1"]

1. e4 g6 2. d4 Bg7 3. Nc3 d6 4. Nf3 Nf6 5. Be2 0-0 6. 0-0 c6 7. Re1 b5 8. a3 Qc7 9. d5 a6 10. dxc6 Nxc6 11. Bf1 h6 12. Nd5 Nxd5 13. exd5 Ne5 14. c3 Bb7 15. Be3 Nxf3+ 16. Qxf3 e5 17. Rad1 f5 18. g3 g5 19. g4 Bc8 20. gxf5 Bxf5 21. Qg3 Rf6 22. Be2 Raf8 23. Rd2 Qf7 1/2-1/2

[Event "EU-ch U12 25th"]
[Site "Porec"]
[Date "2015.09.23"]
[Round "3"]
[White "Koellner, Ruben Gideon"]
[Black "Petrosyan, Sahak"]
[Result "0-1"]
[WhiteElo "1911"]
[BlackElo "1704"]
[PlyCount "82"]
[EventDate "2015.09.21"]
[EventType "swiss"]
[EventRounds "9"]
[EventCountry "CRO"]
[SourceTitle "EXT 2016"]
[Source "ChessBase"]
[SourceDate "2015.10.08"]
[SourceVersion "1"]
[SourceVersionDate "2015.10.08"]
[SourceQuality "1"]

1. d4 d5 2. Nf3 Nf6 3. e3 e6 4. Bd3 c5 5. c3 Nc6 6. Nbd2 Bd6 7. 0-0 0-0 8. dxc5 Bxc5 9. e4 h6 10. exd5 exd5 11. Nb3 Bd6 12. Nbd4 Re8 13. h3 Ne4 14. Re1 Bc5 15. Be3 Bb6 16. Nxc6 bxc6 17. Bxb6 Qxb6 18. Bxe4 dxe4 19. Qb3 Bxh3 20. Qxb6 axb6 21. Nd2 Be6 22. Rxe4 Rad8 23. Rd4 Rxd4 24. cxd4 Rd8 25. b3 Rxd4 26. Nf3 Rd6 27. Rc1 c5 28. Kf1 f6 29. Rc2 Kf7 30. Rd2 Ke7 31. Rxd6 Kxd6 32. Ke2 Bg4 33. Ke3 Bxf3 34. Kxf3 Kd5 35. Kf4 g6 36. Ke3 h5 37. g3 g5 38. f4 h4 39. fxg5 fxg5 40. gxh4 gxh4 41. Kf3 Kd4 0-1

[Event "EU-ch U12 25th"]
[Site "Porec"]
[Date "2015.09.21"]
[Round "1"]
[White "Tomasi, Albert"]
[Black "Petrosyan, Sahak"]
[Result "1-0"]
[WhiteElo "2103"]
[BlackElo "1704"]
[PlyCount "109"]
[EventDate "2015.09.21"]
[EventType "swiss"]
[EventRounds "9"]
[EventCountry "CRO"]
[SourceTitle "EXT 2016"]
[Source "ChessBase"]
[SourceDate "2015.10.08"]
[SourceVersion "1"]
[SourceVersionDate "2015.10.08"]
[SourceQuality "1"]

1. e4 e5 2. Nf3 Nc6 3. Bb5 a6 4. Ba4 Nf6 5. 0-0 b5 6. Bb3 Bc5 7. c3 Nxe4 8. d4 exd4 9. cxd4 Be7 10. d5 Na5 11. Re1 Nxb3 12. axb3 Nf6 13. d6 cxd6 14. Bd2 Bb7 15. Ba5 Qb8 16. Nd4 Bd5 17. Nf5 Be6 18. Nxg7+ Kf8 19. Nh5 Rg8 20. Nxf6 Bxf6 21. Bb4 Be7 22. Nd2 d5 23. Bxe7+ Kxe7 24. Nf3 Qd6 25. Qd4 Rg6 26. Qh4+ Kf8 27. Qxh7 Qf4 28. Re3 Ke7 29. Qh4+ Qxh4 30. Nxh4 Rg4 31. g3 Rb4 32. f4 Kf6 33. Nf3 a5 34. Rd3 a4 35. Nd4 Rc8 36. Rad1 axb3 37. f5 Bxf5 38. Rf3 Rxd4 39. Rxd4 Ke5 40. Rd2 Be4 41. Rxf7 Rc1+ 42. Rf1 Rc2 43. Rdf2 d4 44. Rxc2 bxc2 45. Kf2 Bd3 46. Rc1 Ke4 47. b4 Kd5 48. Ke1 Kc4 49. Kd2 Bg6 50. g4 d3 51. h4 Kxb4 52. h5 Be4 53. g5 Kc4 54. Re1 Bd5 55. h6 1-0